<?xml version="1.0" encoding="UTF-8"?>
<record
    xmlns:xsi="http://www.w3.org/2001/XMLSchema-instance"
    xsi:schemaLocation="http://www.loc.gov/MARC21/slim http://www.loc.gov/standards/marcxml/schema/MARC21slim.xsd"
    xmlns="http://www.loc.gov/MARC21/slim">

  <leader>01805cam a22002653a 4500</leader>
  <controlfield tag="001">16648</controlfield>
  <controlfield tag="003">PGUSA</controlfield>
  <controlfield tag="005">20140828083344.0</controlfield>
  <controlfield tag="008">050904s2005||||xxu|||||s|||||000 1 eng d</controlfield>
  <datafield tag="040" ind1=" " ind2=" ">
    <subfield code="a">PGUSA</subfield>
    <subfield code="b">eng</subfield>
  </datafield>
  <datafield tag="042" ind1=" " ind2=" ">
    <subfield code="a">dc</subfield>
  </datafield>
  <datafield tag="050" ind1=" " ind2="4">
    <subfield code="a">PZ</subfield>
  </datafield>
  <datafield tag="245" ind1="1" ind2="0">
    <subfield code="a">Holiday Stories for Young People</subfield>
    <subfield code="h">[electronic resource]</subfield>
  </datafield>
  <datafield tag="260" ind1=" " ind2=" ">
    <subfield code="b">Project Gutenberg,</subfield>
    <subfield code="c">2005</subfield>
  </datafield>
  <datafield tag="505" ind1="0" ind2=" ">
    <subfield code="a">The Clover Leaf Club of Bloomingdale. By Sangster -- The Lighthouse Lamp. By Sangster. -- The Family Mail-bag. By Porter -- A Day's Fishing. By Porter -- Why Charlie Didn't Go. By Porter -- Uncle Giles' Paint Brush. By Porter -- The Pied Piper of Hamelin. By Browning -- A Girl Graduate. By Barnard -- A Christmas Frolic. By Sangster -- Archie's Vacation. By Porter -- A Birthday Story. By Sangster -- A Coquette. By Pierce -- Horatius. By Macaulay -- A Bit of Brightness. By Porter -- How Sammy Earned the Prize. By Sangster -- The Glorious Fourth. -- The Middle Daughter. By Sangster -- The Golden Bird. By Grimm -- Harry Pemberton's Text. By Armstrong -- Our Cats. -- Outovplace. -- The Boy Who Dared to Be a Daniel. By Smith -- Little Redcap. By Grimm -- New Zealand Children. -- The Breeze from the Peak. -- The Bremen Town Musicians. By Grimm -- A Very Queer Steed, and Some Strange Adventures. by Armstrong -- Freedom's Silent Host. By Sangster -- Presence of Mind. By Sangster -- The Boy Who Went from the Sheepfold to the Throne. By Sangster.</subfield>
  </datafield>
  <datafield tag="506" ind1=" " ind2=" ">
    <subfield code="a">Public domain in the USA.</subfield>
  </datafield>
  <datafield tag="516" ind1=" " ind2=" ">
    <subfield code="a">Electronic text</subfield>
  </datafield>
  <datafield tag="653" ind1=" " ind2=" ">
    <subfield code="a">Holidays -- Juvenile fiction</subfield>
  </datafield>
  <datafield tag="653" ind1=" " ind2=" ">
    <subfield code="a">Children's stories</subfield>
  </datafield>
  <datafield tag="653" ind1=" " ind2=" ">
    <subfield code="a">Conduct of life -- Juvenile fiction</subfield>
  </datafield>
  <datafield tag="700" ind1="1" ind2=" ">
    <subfield code="a">Sangster, Margaret Elizabeth Munson,</subfield>
    <subfield code="d">1838-1912</subfield>
  </datafield>
  <datafield tag="830" ind1=" " ind2="0">
    <subfield code="a">Project Gutenberg</subfield>
    <subfield code="v">16648</subfield>
  </datafield>
  <datafield tag="856" ind1="4" ind2="0">
    <subfield code="u">http://www.gutenberg.org/ebooks/16648</subfield>
  </datafield>
  <datafield tag="942" ind1=" " ind2=" ">
    <subfield code="c">EB</subfield>
  </datafield>
  <datafield tag="999" ind1=" " ind2=" ">
    <subfield code="c">245903</subfield>
    <subfield code="d">245903</subfield>
  </datafield>
  <datafield tag="952" ind1=" " ind2=" ">
    <subfield code="0">0</subfield>
    <subfield code="1">0</subfield>
    <subfield code="4">0</subfield>
    <subfield code="a">GTB</subfield>
    <subfield code="b">GTB</subfield>
    <subfield code="d">2014-08-28</subfield>
    <subfield code="l">0</subfield>
    <subfield code="r">2014-08-28 00:00:00</subfield>
    <subfield code="w">2014-08-28</subfield>
    <subfield code="y">EB</subfield>
  </datafield>
</record>
